[Event "International Tournament"]
[Site "Thivon"]
[Date "2016.08.25"]
[Round "1.1"]
[White "Efthimiou, Georgios"]
[Black "Nikolaidis, Ioannis"]
[Result "0-1"]
[BlackElo "2558"]
[WhiteElo "1808"]
[LiveChessVersion "1.4.8"]

1. c4 {[%clk 1:30:54]} e5 {[%clk 1:30:34]} 2. g3 {[%clk 1:31:02]} Nc6
{[%clk 1:30:47]} 3. Bg2 {[%clk 1:30:48]} Bc5 {[%clk 1:30:59]} 4. e3
{[%clk 1:30:25]} d6 {[%clk 1:30:41]} 5. Ne2 {[%clk 1:29:58]} a6 {[%clk 1:30:53]}
6. O-O {[%clk 1:29:38]} Nge7 {[%clk 1:31:14]} 7. d4 {[%clk 1:28:32]} Ba7
{[%clk 1:31:10]} 8. d5 {[%clk 1:27:16]} Nb8 {[%clk 1:31:28]} 9. Nbc3
{[%clk 1:24:45]} O-O {[%clk 1:31:25]} 10. e4 {[%clk 1:23:30]} f5 {[%clk 1:29:47]}
11. Kh1 {[%clk 1:23:11]} Nd7 {[%clk 1:28:12]} 12. b4 {[%clk 1:16:17]} Nf6
{[%clk 1:26:18]} 13. f4 {[%clk 1:13:34]} Ng4 {[%clk 1:17:47]} 14. Qe1 a5
{[%clk 1:15:52]} 15. a3 {[%clk 1:02:56]} axb4 {[%clk 1:14:34]} 16. Nb5
{[%clk 1:02:38]} Bb6 {[%clk 1:04:05]} 17. h3 {[%clk 1:02:04]} Nf6
{[%clk 1:03:06]} 18. Qxb4 {[%clk 1:00:43]} Nxe4 {[%clk 0:59:09]} 19. Bxe4
{[%clk 0:57:23]} fxe4 {[%clk 0:59:16]} 20. g4 {[%clk 0:56:58]} h5
{[%clk 0:55:58]} 21. f5 {[%clk 0:56:49]} hxg4 {[%clk 0:56:15]} 22. hxg4
{[%clk 0:57:11]} Nxf5 {[%clk 0:53:49]} 23. gxf5 {[%clk 0:57:01]} Qh4+
{[%clk 0:52:44]} 24. Kg2 {[%clk 0:57:03]} Rxf5 0-1

[Event "International Tournament"]
[Site "Thivon"]
[Date "2016.08.25"]
[Round "1.2"]
[White "Kotronias, Vasilios"]
[Black "Tzounakas, Vasilios"]
[Result "1-0"]
[BlackElo "1807"]
[WhiteElo "2541"]
[LiveChessVersion "1.4.8"]

1. e4 {[%clk 1:30:56]} d6 {[%clk 1:30:52]} 2. d4 {[%clk 1:31:17]} g6
{[%clk 1:31:16]} 3. Nc3 {[%clk 1:31:39]} Bg7 {[%clk 1:31:38]} 4. f4
{[%clk 1:30:37]} Nf6 {[%clk 1:30:36]} 5. Nf3 {[%clk 1:30:56]} c5 {[%clk 1:28:49]}
6. Bb5+ {[%clk 1:31:13]} Bd7 {[%clk 1:17:51]} 7. e5 {[%clk 1:31:36]} Ng4
{[%clk 1:12:01]} 8. Bxd7+ {[%clk 1:31:59]} Qxd7 {[%clk 1:12:05]} 9. h3
{[%clk 1:30:54]} cxd4 {[%clk 1:09:46]} 10. Qxd4 {[%clk 1:31:21]} Nc6
{[%clk 1:08:36]} 11. Qe4 {[%clk 1:31:46]} Nh6 {[%clk 1:07:30]} 12. Be3
{[%clk 1:29:17]} Nf5 {[%clk 1:00:56]} 13. Bf2 {[%clk 1:29:36]} e6
{[%clk 0:57:28]} 14. O-O-O {[%clk 1:28:18]} d5 {[%clk 0:56:10]} 15. Qe2
{[%clk 1:26:38]} O-O {[%clk 0:54:24]} 16. g4 {[%clk 1:25:39]} Nfe7
{[%clk 0:53:39]} 17. Ne4 {[%clk 1:26:02]} Qc7 {[%clk 0:51:33]} 18. Nd6
{[%clk 1:23:58]} Nc8 {[%clk 0:42:59]} 19. Nb5 {[%clk 1:22:53]} Qa5
{[%clk 0:40:07]} 20. Kb1 {[%clk 1:23:12]} a6 {[%clk 0:37:56]} 21. Nbd4
{[%clk 1:23:18]} Nxd4 {[%clk 0:35:42]} 22. Nxd4 {[%clk 1:22:09]} Qc7
{[%clk 0:30:42]} 23. h4 {[%clk 1:20:59]} Ne7 {[%clk 0:30:22]} 24. Rd3
{[%clk 1:18:51]} Nc6 {[%clk 0:29:04]} 25. g5 {[%clk 1:18:53]} Nxd4
{[%clk 0:27:41]} 26. Bxd4 {[%clk 1:19:17]} Rfc8 {[%clk 0:22:48]} 27. h5
{[%clk 1:19:35]} Qd8 {[%clk 0:06:14]} 28. Rdh3 {[%clk 1:18:48]} Rc4 29. c3
{[%clk 1:19:08]} Rac8 {[%clk 0:03:59]} 30. hxg6 {[%clk 1:07:13]} hxg6
{[%clk 0:04:10]} 31. Qh2 {[%clk 1:06:48]} Kf8 {[%clk 0:03:41]} 32. Rh7
{[%clk 1:06:43]} R4c6 {[%clk 0:01:37]} 33. Rxg7 {[%clk 1:07:00]} 1-0

[Event "International Tournament"]
[Site "Thivon"]
[Date "2016.08.25"]
[Round "1.3"]
[White "Zaronikas, Dimitrios"]
[Black "Kofidis, Andreas"]
[Result "0-1"]
[BlackElo "2406"]
[WhiteElo "1799"]
[LiveChessVersion "1.4.8"]

1. e4 {[%clk 1:30:55]} c5 {[%clk 1:30:53]} 2. b3 {[%clk 1:31:11]} Nc6
{[%clk 1:30:38]} 3. Bb2 {[%clk 1:31:33]} d6 {[%clk 1:29:33]} 4. Bb5
{[%clk 1:31:34]} Nf6 {[%clk 1:28:55]} 5. Bxc6+ {[%clk 1:29:05]} bxc6
{[%clk 1:29:19]} 6. Qe2 {[%clk 1:28:26]} e5 {[%clk 1:29:20]} 7. Nc3
{[%clk 1:28:06]} Be7 {[%clk 1:29:34]} 8. O-O-O {[%clk 1:24:22]} O-O
{[%clk 1:29:46]} 9. Nf3 {[%clk 1:20:54]} Nd7 {[%clk 1:27:24]} 10. g4
{[%clk 1:18:04]} Re8 {[%clk 1:27:03]} 11. h4 {[%clk 1:15:11]} Nf8
{[%clk 1:25:32]} 12. Rdg1 {[%clk 1:13:07]} a5 {[%clk 1:24:10]} 13. g5
{[%clk 1:09:25]} Ne6 {[%clk 1:24:06]} 14. Qe3 {[%clk 1:06:20]} Nd4
{[%clk 1:21:52]} 15. h5 {[%clk 1:00:45]} Nxf3 {[%clk 1:18:42]} 16. Qxf3
{[%clk 1:00:09]} Bxg5 {[%clk 1:18:52]} 17. Qg2 {[%clk 0:57:47]} Bf6
{[%clk 1:07:32]} 18. Kb1 {[%clk 0:54:06]} h6 {[%clk 1:06:33]} 19. Ne2
{[%clk 0:52:23]} a4 {[%clk 1:06:27]} 20. d3 {[%clk 0:49:53]} Be6 {[%clk 1:04:40]}
21. Nc1 {[%clk 0:47:54]} Bg5 {[%clk 1:02:47]} 22. Bc3 {[%clk 0:45:55]} f6
{[%clk 1:01:32]} 23. Ne2 {[%clk 0:43:09]} Ra7 {[%clk 1:00:23]} 24. Qg3
{[%clk 0:41:06]} Qb6 {[%clk 0:59:31]} 25. Bb2 {[%clk 0:34:26]} Rb8
{[%clk 0:53:22]} 26. Nc1 {[%clk 0:30:06]} axb3 {[%clk 0:52:28]} 27. cxb3
{[%clk 0:30:07]} Rxa2 {[%clk 0:51:11]} 28. Kxa2 {[%clk 0:29:40]} Bxb3+
{[%clk 0:51:30]} 29. Ka1 {[%clk 0:29:08]} Bc2 {[%clk 0:51:39]} 0-1

[Event "International Tournament"]
[Site "Thivon"]
[Date "2016.08.25"]
[Round "1.5"]
[White "Georgitsi, Antigoni"]
[Black "Kourkoulos-Arditis, Stamatis"]
[Result "0-1"]
[BlackElo "2369"]
[WhiteElo "1795"]
[LiveChessVersion "1.4.8"]

1. e4 {[%clk 1:30:56]} g6 {[%clk 1:30:02]} 2. d4 {[%clk 1:30:59]} Bg7
{[%clk 1:30:27]} 3. Nc3 {[%clk 1:29:23]} d6 {[%clk 1:30:52]} 4. Be3
{[%clk 1:27:54]} a6 {[%clk 1:31:17]} 5. Be2 {[%clk 1:26:07]} b5 {[%clk 1:30:43]}
6. a3 {[%clk 1:20:28]} Bb7 {[%clk 1:30:04]} 7. Qd2 {[%clk 1:17:50]} Nd7
{[%clk 1:29:56]} 8. h4 {[%clk 1:13:02]} h5 {[%clk 1:29:19]} 9. f3
{[%clk 1:09:38]} c5 {[%clk 1:26:47]} 10. Nh3 {[%clk 1:04:29]} Rc8
{[%clk 1:23:48]} 11. Ng5 {[%clk 1:01:19]} e6 {[%clk 0:59:45]} 12. O-O
{[%clk 0:57:16]} Ngf6 {[%clk 0:53:04]} 13. Rad1 {[%clk 0:54:58]} O-O
{[%clk 0:52:29]} 14. dxc5 {[%clk 0:48:00]} dxc5 {[%clk 0:52:48]} 15. Qd6
{[%clk 0:41:41]} Re8 {[%clk 0:48:13]} 16. Qg3 {[%clk 0:34:33]} b4
{[%clk 0:42:49]} 17. Nb1 {[%clk 0:31:08]} Qe7 {[%clk 0:37:20]} 18. Nd2
{[%clk 0:28:41]} Nd5 {[%clk 0:30:44]} 19. Nc4 {[%clk 0:19:54]} Nxe3
{[%clk 0:28:38]} 20. Nxe3 {[%clk 0:19:54]} Nb6 {[%clk 0:28:38]} 21. Rd6
{[%clk 0:19:54]} Qc7 {[%clk 0:28:38]} 22. e5 {[%clk 0:19:54]} bxa3
{[%clk 0:28:38]} 23. bxa3 {[%clk 0:19:54]} c4 {[%clk 0:28:38]} 24. Kh1
{[%clk 0:19:54]} Qc5 {[%clk 0:28:38]} 25. Rxb6 {[%clk 0:19:54]} Qxb6
{[%clk 0:28:38]} 26. Nxc4 {[%clk 0:19:54]} Qd4 {[%clk 0:28:38]} 27. Nxf7
{[%clk 0:19:54]} Rxc4 {[%clk 0:28:38]} 28. Qxg6 {[%clk 0:19:54]} Qxh4+
{[%clk 0:28:38]} 29. Kg1 {[%clk 0:19:54]} Rc7 {[%clk 0:28:38]} 30. Ng5
{[%clk 0:19:54]} Qd4+ {[%clk 0:28:38]} 31. Kh1 {[%clk 0:19:54]} Rce7
{[%clk 0:28:38]} 32. Rd1 {[%clk 0:19:54]} Qxe5 {[%clk 0:28:38]} 33. Rd7
{[%clk 0:19:54]} Qf6 {[%clk 0:28:38]} 34. Qh7+ {[%clk 0:19:54]} Kf8
{[%clk 0:28:38]} 35. Qxh5 {[%clk 0:19:54]} Qh6 {[%clk 0:28:38]} 36. Nxe6+
{[%clk 0:19:54]} Rxe6 {[%clk 0:28:38]} 37. Rf7+ {[%clk 0:19:54]} Kg8
{[%clk 0:28:38]} 0-1

[Event "International Tournament"]
[Site "Thivon"]
[Date "2016.08.25"]
[Round "1.6"]
[White "Stathopoulos, Ioannis"]
[Black "Banos, Polyhronis"]
[Result "1-0"]
[BlackElo "1793"]
[WhiteElo "2343"]
[LiveChessVersion "1.4.8"]

1. d4 {[%clk 1:30:57]} Nc6 {[%clk 1:30:55]} 2. c4 {[%clk 1:31:04]} e5
{[%clk 1:31:19]} 3. d5 {[%clk 1:29:08]} Nce7 {[%clk 1:31:42]} 4. e4
{[%clk 1:29:15]} Ng6 {[%clk 1:32:06]} 5. Nf3 {[%clk 1:28:38]} Bc5
{[%clk 1:32:28]} 6. Nc3 {[%clk 1:26:54]} Nf6 {[%clk 1:31:51]} 7. h3
{[%clk 1:24:51]} a6 {[%clk 1:32:06]} 8. g3 {[%clk 1:24:48]} d6 {[%clk 1:29:32]}
9. Bg2 {[%clk 1:25:10]} O-O {[%clk 1:20:43]} 10. O-O {[%clk 1:21:18]} Bd7
{[%clk 1:16:34]} 11. Kh1 {[%clk 1:11:51]} Ne8 {[%clk 1:15:04]} 12. h4
{[%clk 1:09:04]} Bg4 {[%clk 1:05:26]} 13. Qc2 {[%clk 1:05:26]} Qc8
{[%clk 1:02:25]} 14. Nh2 {[%clk 1:03:43]} Bh3 {[%clk 0:55:59]} 15. h5
{[%clk 1:03:05]} Bxg2+ {[%clk 0:56:26]} 16. Kxg2 {[%clk 1:03:26]} Ne7
{[%clk 0:56:35]} 17. f4 {[%clk 1:03:09]} exf4 {[%clk 0:48:59]} 18. Bxf4
{[%clk 1:03:28]} c6 {[%clk 0:49:21]} 19. Rad1 {[%clk 1:02:35]} cxd5
{[%clk 0:44:41]} 20. cxd5 {[%clk 1:00:02]} b5 {[%clk 0:40:00]} 21. Qe2
{[%clk 0:53:40]} f6 {[%clk 0:34:53]} 22. Ng4 {[%clk 0:51:05]} Qd7
{[%clk 0:31:08]} 23. h6 {[%clk 0:48:38]} g6 {[%clk 0:28:31]} 24. Bg5
{[%clk 0:46:46]} b4 {[%clk 0:24:58]} 25. Nb1 {[%clk 0:46:34]} f5 {[%clk 0:23:09]}
26. Nd2 {[%clk 0:40:51]} Nxd5 {[%clk 0:07:40]} 27. exd5 {[%clk 0:41:07]} fxg4
{[%clk 0:08:03]} 28. Rxf8+ {[%clk 0:41:32]} Kxf8 {[%clk 0:08:04]} 29. Rf1+
{[%clk 0:41:06]} Kg8 {[%clk 0:07:36]} 30. Be7 {[%clk 0:39:36]} Nc7
{[%clk 0:06:36]} 31. Ne4 {[%clk 0:39:18]} Kh8 {[%clk 0:03:05]} 32. Nxc5
{[%clk 0:39:32]} dxc5 33. Qe5+ 1-0

[Event "International Tournament"]
[Site "Thivon"]
[Date "2016.08.25"]
[Round "1.7"]
[White "Panagiotakos, Petros"]
[Black "Megalios, Konstantinos"]
[Result "0-1"]
[BlackElo "2293"]
[WhiteElo "1786"]
[LiveChessVersion "1.4.8"]

1. c4 {[%clk 1:30:58]} Nf6 {[%clk 1:30:50]} 2. Nc3 {[%clk 1:31:08]} e6
{[%clk 1:29:38]} 3. e4 {[%clk 1:30:41]} e5 {[%clk 1:30:00]} 4. Nf3
{[%clk 1:30:17]} Nc6 {[%clk 1:30:19]} 5. Be2 {[%clk 1:25:22]} Bb4
{[%clk 1:26:51]} 6. d3 {[%clk 1:22:18]} d6 {[%clk 1:26:33]} 7. O-O
{[%clk 1:22:00]} Bg4 {[%clk 1:24:41]} 8. Be3 {[%clk 1:05:56]} Bc5
{[%clk 1:24:17]} 9. Qd2 {[%clk 1:00:18]} Nd7 {[%clk 1:20:08]} 10. Ne1
{[%clk 0:51:17]} Be6 {[%clk 1:09:26]} 11. Nc2 {[%clk 0:44:45]} Nd4
{[%clk 1:06:36]} 12. Bxd4 {[%clk 0:39:18]} exd4 {[%clk 1:06:41]} 13. Nd5
{[%clk 0:34:33]} c6 {[%clk 1:01:26]} 14. Nf4 {[%clk 0:33:04]} O-O
{[%clk 1:01:37]} 15. Nxe6 {[%clk 0:32:45]} fxe6 {[%clk 1:02:05]} 16. f4
{[%clk 0:31:00]} Qf6 {[%clk 1:01:37]} 17. Rf3 {[%clk 0:26:54]} e5
{[%clk 0:53:50]} 18. f5 {[%clk 0:21:49]} d5 {[%clk 0:54:09]} 19. cxd5
{[%clk 0:16:58]} cxd5 {[%clk 0:53:53]} 20. Kh1 {[%clk 0:16:49]} Qd6
{[%clk 0:51:09]} 21. Rg3 {[%clk 0:13:51]} Nf6 {[%clk 0:50:42]} 22. Qg5
{[%clk 0:11:49]} Rf7 {[%clk 0:50:11]} 23. Bf3 {[%clk 0:09:38]} dxe4
{[%clk 0:43:01]} 24. Bxe4 {[%clk 0:08:11]} Nxe4 {[%clk 0:42:15]} 25. dxe4
{[%clk 0:08:32]} Qc6 {[%clk 0:41:18]} 26. Re1 {[%clk 0:06:25]} Be7
{[%clk 0:41:14]} 27. Qd2 {[%clk 0:05:41]} Bh4 {[%clk 0:40:53]} 28. Nb4
{[%clk 0:04:21]} Qd6 {[%clk 0:38:57]} 29. Nd5 {[%clk 0:03:56]} Rc8
{[%clk 0:37:32]} 30. Rc1 {[%clk 0:03:37]} Rxc1+ {[%clk 0:36:52]} 31. Qxc1
{[%clk 0:04:04]} Bxg3 {[%clk 0:37:09]} 32. hxg3 {[%clk 0:03:54]} d3
{[%clk 0:33:27]} 33. Kg1 {[%clk 0:02:07]} Qc6 {[%clk 0:30:13]} 34. Qd1
{[%clk 0:00:54]} Qc5+ {[%clk 0:29:45]} 35. Kf1 {[%clk 0:00:36]} Qc4
{[%clk 0:27:55]} 36. Ke1 {[%clk 0:00:35]} Qxe4+ {[%clk 0:28:10]} 0-1

[Event "International Tournament"]
[Site "Thivon"]
[Date "2016.08.25"]
[Round "1.8"]
[White "Gazis, Efstathios"]
[Black "Kanellopoulos, Georgios G."]
[Result "1-0"]
[BlackElo "1767"]
[WhiteElo "2286"]
[LiveChessVersion "1.4.8"]

1. e4 {[%clk 1:30:47]} e5 {[%clk 1:30:55]} 2. Nf3 {[%clk 1:30:52]} Nc6
{[%clk 1:31:18]} 3. Bb5 {[%clk 1:31:17]} a6 {[%clk 1:31:40]} 4. Ba4
{[%clk 1:31:40]} Nf6 {[%clk 1:31:53]} 5. O-O {[%clk 1:31:48]} b5 {[%clk 1:31:40]}
6. Bb3 {[%clk 1:32:12]} Bb7 {[%clk 1:32:01]} 7. d3 {[%clk 1:32:03]} d6
{[%clk 1:30:01]} 8. c3 {[%clk 1:22:22]} g6 {[%clk 1:26:15]} 9. Ng5
{[%clk 1:22:24]} d5 {[%clk 1:25:36]} 10. exd5 {[%clk 1:21:00]} Na5
{[%clk 1:24:32]} 11. c4 {[%clk 1:17:44]} Bg7 {[%clk 1:20:53]} 12. Qe1 Nxb3
{[%clk 1:16:41]} 13. Qxe5+ {[%clk 1:11:05]} Kf8 {[%clk 1:16:32]} 14. axb3
{[%clk 1:11:23]} Nxd5 {[%clk 1:15:24]} 15. Qg3 {[%clk 1:06:24]} Nb4
{[%clk 1:11:33]} 16. Nc3 {[%clk 1:02:50]} Nc2 {[%clk 1:09:49]} 17. Rb1
{[%clk 1:01:10]} Nd4 {[%clk 1:10:07]} 18. Bf4 {[%clk 1:00:14]} b4
{[%clk 1:05:45]} 19. Bxc7 {[%clk 0:55:25]} bxc3 {[%clk 1:05:45]} 20. Bxd8 Ne2+
{[%clk 1:06:07]} 21. Kh1 {[%clk 0:55:41]} Nxg3+ {[%clk 1:06:32]} 22. fxg3
{[%clk 0:55:53]} f5 {[%clk 0:48:44]} 23. Ba5 {[%clk 0:53:05]} c2 {[%clk 0:39:54]}
24. Rbc1 {[%clk 0:52:48]} Bh6 {[%clk 0:39:05]} 25. Bb4+ {[%clk 0:51:01]} Kg8
{[%clk 0:37:54]} 26. Bd2 {[%clk 0:50:14]} Bxg5 27. Bxg5 {[%clk 0:50:34]} h6
{[%clk 0:36:50]} 28. Bf6 {[%clk 0:50:40]} Rh7 {[%clk 0:37:11]} 29. Rxc2
{[%clk 0:51:04]} Rf7 {[%clk 0:37:00]} 30. Bc3 {[%clk 0:51:07]} Re8
{[%clk 0:32:53]} 31. h3 {[%clk 0:51:17]} Rfe7 {[%clk 0:32:50]} 32. Kh2
{[%clk 0:50:16]} Re2 {[%clk 0:28:30]} 33. Rf2 {[%clk 0:50:39]} R2e7
{[%clk 0:26:19]} 34. g4 {[%clk 0:50:39]} fxg4 {[%clk 0:25:31]} 35. hxg4
{[%clk 0:51:04]} Rf7 {[%clk 0:20:15]} 36. Rxf7 {[%clk 0:50:30]} Kxf7
{[%clk 0:20:40]} 37. Rf2+ {[%clk 0:50:56]} Ke7 {[%clk 0:17:58]} 38. d4
{[%clk 0:51:21]} Be4 {[%clk 0:17:24]} 39. d5 {[%clk 0:51:41]} h5 {[%clk 0:16:26]}
40. Rf6 {[%clk 1:06:42]} hxg4 {[%clk 0:30:58]} 41. Rxa6 {[%clk 1:06:53]} Kd7
{[%clk 0:30:44]} 42. Ra7+ {[%clk 1:06:32]} Kd6 {[%clk 0:30:38]} 43. Kg3
{[%clk 1:05:37]} Bf5 {[%clk 0:30:46]} 44. Bb4+ {[%clk 1:05:21]} Ke5
{[%clk 0:31:11]} 45. Bc3+ {[%clk 1:02:49]} Ke4 {[%clk 0:27:42]} 46. d6
{[%clk 0:59:17]} Rd8 {[%clk 0:26:01]} 47. Re7+ {[%clk 0:59:05]} Kd3
{[%clk 0:26:11]} 48. c5 {[%clk 0:59:24]} Bd7 {[%clk 0:25:30]} 49. Ba5
{[%clk 0:59:02]} 1-0

[Event "International Tournament"]
[Site "Thivon"]
[Date "2016.08.25"]
[Round "1.9"]
[White "Papadopoulos, Petros"]
[Black "Hristodoulou, Panagiotis"]
[Result "0-1"]
[BlackElo "2283"]
[WhiteElo "1756"]
[LiveChessVersion "1.4.8"]

1. e4 {[%clk 1:30:57]} Nf6 {[%clk 1:30:45]} 2. e5 {[%clk 1:31:23]} Nd5
{[%clk 1:31:10]} 3. d4 {[%clk 1:31:47]} d6 {[%clk 1:31:27]} 4. c4
{[%clk 1:32:13]} Nb6 {[%clk 1:31:48]} 5. exd6 {[%clk 1:32:37]} exd6
{[%clk 1:30:29]} 6. Nc3 {[%clk 1:32:02]} Nc6 {[%clk 1:30:47]} 7. Be3
{[%clk 1:32:00]} Be7 {[%clk 1:31:07]} 8. Be2 {[%clk 1:32:19]} O-O
{[%clk 1:31:16]} 9. Rc1 {[%clk 1:30:40]} Re8 {[%clk 1:29:04]} 10. Nf3
{[%clk 1:28:47]} Bg4 {[%clk 1:29:19]} 11. b3 {[%clk 1:29:11]} Bxf3
{[%clk 1:22:31]} 12. gxf3 {[%clk 1:29:36]} Bh4 {[%clk 1:07:35]} 13. Qd2
{[%clk 1:24:43]} Qe7 {[%clk 1:07:08]} 14. O-O {[%clk 1:24:40]} Qd7
{[%clk 0:55:23]} 15. Kh1 {[%clk 1:24:28]} d5 {[%clk 0:55:22]} 16. Rg1
{[%clk 1:16:22]} dxc4 {[%clk 0:43:44]} 17. bxc4 {[%clk 1:15:01]} Rad8
{[%clk 0:39:19]} 18. Rcd1 {[%clk 0:58:32]} Qh3 {[%clk 0:36:09]} 19. Rg2
{[%clk 0:37:35]} Ne5 {[%clk 0:25:09]} 20. dxe5 {[%clk 0:28:59]} Rxd2
{[%clk 0:25:20]} 21. Rxd2 {[%clk 0:28:59]} Rxe5 {[%clk 0:20:47]} 22. Ne4
{[%clk 0:11:13]} Re8 {[%clk 0:16:55]} 23. Bd4 {[%clk 0:10:20]} g6
{[%clk 0:17:13]} 24. Bf6 {[%clk 0:08:52]} Kf8 {[%clk 0:16:27]} 25. c5
{[%clk 0:07:29]} Nc4 {[%clk 0:10:14]} 26. Bxc4 {[%clk 0:03:10]} Bxf6
{[%clk 0:07:29]} 27. Rg3 {[%clk 0:02:14]} Qf5 {[%clk 0:07:57]} 28. Rd5
{[%clk 0:01:29]} Re5 {[%clk 0:07:34]} 29. Rxe5 {[%clk 0:00:48]} Bxe5
{[%clk 0:07:37]} 0-1

[Event "International Tournament"]
[Site "Thivon"]
[Date "2016.08.25"]
[Round "1.10"]
[White "Michelakos, Panagiotis"]
[Black "Agriopoulos, Konstantinos"]
[Result "1-0"]
[BlackElo "1753"]
[WhiteElo "2242"]
[LiveChessVersion "1.4.8"]

1. d4 {[%clk 1:30:57]} Nf6 {[%clk 1:30:51]} 2. Nf3 {[%clk 1:31:04]} e6
{[%clk 1:30:55]} 3. g3 {[%clk 1:29:17]} b6 {[%clk 1:30:01]} 4. Bg2
{[%clk 1:29:40]} Bb7 {[%clk 1:30:13]} 5. O-O {[%clk 1:29:50]} Be7
{[%clk 1:30:17]} 6. c4 {[%clk 1:26:17]} O-O {[%clk 1:29:51]} 7. Nc3
{[%clk 1:26:39]} c5 {[%clk 1:28:50]} 8. d5 {[%clk 1:25:15]} d6 {[%clk 1:28:45]}
9. dxe6 {[%clk 1:17:44]} fxe6 {[%clk 1:29:05]} 10. Bh3 {[%clk 1:18:03]} Qe8
{[%clk 0:57:11]} 11. Nb5 {[%clk 1:05:40]} Qc6 {[%clk 0:55:32]} 12. Bxe6+
{[%clk 1:04:58]} Kh8 {[%clk 0:55:53]} 13. Nc3 {[%clk 0:50:24]} Nbd7
{[%clk 0:50:55]} 14. Qa4 {[%clk 0:44:00]} Ne5 {[%clk 0:41:24]} 15. Qxc6
{[%clk 0:44:01]} Bxc6 {[%clk 0:41:18]} 16. Nxe5 {[%clk 0:43:29]} dxe5
{[%clk 0:41:40]} 17. Bg5 {[%clk 0:43:31]} h6 {[%clk 0:38:19]} 18. Bxf6 Rxf6
{[%clk 0:38:31]} 19. Bd5 {[%clk 0:42:56]} Rd8 {[%clk 0:37:41]} 20. Rad1
{[%clk 0:42:56]} Bxd5 {[%clk 0:37:26]} 21. Rxd5 {[%clk 0:43:08]} Rfd6
{[%clk 0:37:24]} 22. Rfd1 {[%clk 0:42:47]} Rxd5 {[%clk 0:37:03]} 23. Rxd5
{[%clk 0:43:05]} Rxd5 {[%clk 0:37:12]} 24. Nxd5 {[%clk 0:42:44]} Bd6
{[%clk 0:37:27]} 25. f3 {[%clk 0:36:55]} Kh7 {[%clk 0:34:31]} 26. Kf2
{[%clk 0:35:52]} Kg6 {[%clk 0:34:31]} 27. Ke3 {[%clk 0:35:59]} Kf5
{[%clk 0:33:13]} 28. g4+ {[%clk 0:35:56]} Ke6 {[%clk 0:33:26]} 29. Ke4
{[%clk 0:35:05]} g6 {[%clk 0:31:38]} 30. h4 {[%clk 0:31:20]} Bb8 {[%clk 0:31:31]}
31. h5 {[%clk 0:16:44]} g5 {[%clk 0:30:20]} 32. Ne3 {[%clk 0:17:02]} Bd6
{[%clk 0:30:31]} 33. Nf5 {[%clk 0:17:23]} Bf8 {[%clk 0:30:51]} 34. b3
{[%clk 0:17:23]} a6 {[%clk 0:30:53]} 35. a4 {[%clk 0:17:44]} a5 {[%clk 0:30:55]}
36. e3 {[%clk 0:18:03]} Kf6 {[%clk 0:29:58]} 37. Kd5 {[%clk 0:18:27]} 1-0

[Event "International Tournament"]
[Site "Thivon"]
[Date "2016.08.25"]
[Round "1.11"]
[White "Makkas, Panayiotis"]
[Black "Kouskoutis, Georgios-Alexandro"]
[Result "0-1"]
[BlackElo "2241"]
[WhiteElo "1740"]
[LiveChessVersion "1.4.8"]

1. c4 {[%clk 1:30:56]} e5 {[%clk 1:30:38]} 2. Nc3 {[%clk 1:31:17]} Nf6
{[%clk 1:31:01]} 3. g3 {[%clk 1:31:19]} d5 {[%clk 1:31:19]} 4. cxd5
{[%clk 1:31:36]} Nxd5 {[%clk 1:31:44]} 5. Bg2 {[%clk 1:31:56]} Nb6
{[%clk 1:32:07]} 6. Nf3 {[%clk 1:31:54]} Nc6 {[%clk 1:32:30]} 7. d3
{[%clk 1:32:10]} Be7 {[%clk 1:32:38]} 8. O-O {[%clk 1:27:01]} O-O
{[%clk 1:32:34]} 9. a3 {[%clk 1:25:00]} Be6 {[%clk 1:30:00]} 10. b4
{[%clk 1:24:57]} a6 {[%clk 1:30:06]} 11. Bb2 {[%clk 1:24:53]} Qd7
{[%clk 1:28:54]} 12. Rc1 {[%clk 1:21:16]} f6 {[%clk 1:19:59]} 13. Ne4
{[%clk 1:18:02]} Rad8 {[%clk 1:18:20]} 14. Nc5 {[%clk 1:17:15]} Bxc5
{[%clk 1:18:44]} 15. bxc5 {[%clk 1:16:41]} Nd5 {[%clk 1:17:49]} 16. Qc2
{[%clk 1:15:39]} Qf7 {[%clk 1:16:00]} 17. Nd2 {[%clk 1:12:19]} Nde7
{[%clk 1:13:22]} 18. Nc4 {[%clk 1:05:30]} Kh8 {[%clk 1:03:57]} 19. Qa4
{[%clk 0:50:59]} Qh5 {[%clk 0:49:05]} 20. Bf3 {[%clk 0:46:59]} Bg4
{[%clk 0:48:03]} 21. Bxg4 {[%clk 0:47:22]} Qxg4 {[%clk 0:48:29]} 22. Qc2
{[%clk 0:47:46]} Nf5 {[%clk 0:46:57]} 23. f3 {[%clk 0:42:06]} Qg5
{[%clk 0:40:41]} 24. Qd2 {[%clk 0:42:19]} Qxd2 {[%clk 0:37:29]} 25. Nxd2
{[%clk 0:42:42]} Rfe8 {[%clk 0:34:12]} 26. Kf2 {[%clk 0:42:08]} Rd7
{[%clk 0:32:49]} 27. g4 {[%clk 0:40:13]} Nfe7 {[%clk 0:31:59]} 28. Rc2
{[%clk 0:37:10]} Nd5 {[%clk 0:28:35]} 29. Rb1 {[%clk 0:37:07]} Kg8
{[%clk 0:26:36]} 30. Ba1 {[%clk 0:36:32]} Nd8 {[%clk 0:23:35]} 31. Rc4
{[%clk 0:35:46]} Re6 {[%clk 0:22:06]} 32. Ne4 {[%clk 0:31:40]} Rc6
{[%clk 0:17:18]} 33. Rb3 {[%clk 0:27:04]} Nf4 {[%clk 0:16:48]} 34. Bb2
{[%clk 0:22:48]} Rd5 {[%clk 0:13:13]} 35. a4 {[%clk 0:22:10]} Nfe6
{[%clk 0:09:27]} 36. Ba3 {[%clk 0:21:38]} Kf7 {[%clk 0:08:31]} 37. e3
{[%clk 0:19:20]} g6 {[%clk 0:07:43]} 38. Rbc3 {[%clk 0:16:33]} f5
{[%clk 0:05:34]} 39. gxf5 {[%clk 0:16:53]} gxf5 {[%clk 0:05:58]} 40. Nd2
{[%clk 0:32:07]} f4 {[%clk 0:15:55]} 41. e4 {[%clk 0:32:16]} Rd7 {[%clk 0:13:23]}
42. Rb3 {[%clk 0:28:33]} Nd4 {[%clk 0:13:05]} 43. Rb1 {[%clk 0:28:48]} Rh6
{[%clk 0:12:32]} 44. Rh1 {[%clk 0:27:03]} Kf6 {[%clk 0:07:55]} 45. Bb2
{[%clk 0:22:44]} N8e6 {[%clk 0:07:45]} 46. Bxd4 {[%clk 0:22:40]} Nxd4
{[%clk 0:07:47]} 47. Rb4 {[%clk 0:21:23]} Ne6 {[%clk 0:06:52]} 48. Rxb7
{[%clk 0:21:41]} Nxc5 {[%clk 0:06:44]} 49. Ra7 {[%clk 0:21:13]} Nxd3+
{[%clk 0:05:31]} 50. Ke2 {[%clk 0:21:36]} Ke7 {[%clk 0:04:06]} 51. h4
{[%clk 0:21:34]} Rg6 {[%clk 0:03:17]} 52. Rh2 {[%clk 0:21:30]} Nc1+
{[%clk 0:01:57]} 53. Kf1 {[%clk 0:18:32]} Rgd6 {[%clk 0:01:01]} 54. Nc4
{[%clk 0:18:45]} Rd1+ {[%clk 0:01:25]} 55. Kg2 {[%clk 0:18:23]} Nd3
{[%clk 0:01:39]} 56. Kh3 {[%clk 0:18:09]} Rc1 {[%clk 0:01:05]} 57. Na5
{[%clk 0:17:34]} Rc5 {[%clk 0:00:40]} 58. Rxa6 {[%clk 0:17:44]} Nb4
{[%clk 0:00:39]} 59. Ra8 {[%clk 0:17:42]} h5 {[%clk 0:00:40]} 60. Nb7
{[%clk 0:17:58]} Rc3 {[%clk 0:00:49]} 61. Rf2 {[%clk 0:17:41]} Rdd3
{[%clk 0:00:47]} 62. Kg2 {[%clk 0:17:30]} Nc2 {[%clk 0:00:58]} 63. Rh8
{[%clk 0:17:09]} Ne1+ {[%clk 0:01:09]} 64. Kf1 {[%clk 0:15:33]} Nxf3
{[%clk 0:01:30]} 65. Rxh5 {[%clk 0:15:52]} Rd1+ {[%clk 0:01:46]} 66. Kg2
{[%clk 0:16:13]} Rg1+ {[%clk 0:02:05]} 67. Kh3 {[%clk 0:15:57]} Rg3#
{[%clk 0:02:29]} 0-1